书目信息 |
| 题名: |
中国住房制度改革
|
|
| 作者: | 倪鹏飞, 著 | |
| 分册: | ||
| 出版信息: | 广州 广东经济出版社 2019.02 |
|
| 页数: | 164页 | |
| 开本: | 24cm | |
| 丛书名: | 中国房地产与宏观经济研究丛书 | |
| 单 册: | ||
| 中图分类: | F299.2 | |
| 科图分类: | ||
| 主题词: | 住房制度改革--zhu fang zhi du gai ge--研究--中国 | |
| 电子资源: | ||
| ISBN: | 978-7-5454-6842-7 | |
| 000 | 01415nam 2200337 450 | |
| 001 | CAL 0120202976448 | |
| 005 | 20200511093034.5 | |
| 010 | @a978-7-5454-6842-7@dCNY58.80 | |
| 092 | @aCN@bRt923-1544 | |
| 100 | @a20200509d2019 em y0chiy0120 ea | |
| 101 | 0 | @achi |
| 102 | @aCN@b440000 | |
| 105 | @ay a 000yy | |
| 106 | @ar | |
| 200 | 1 | @a中国住房制度改革@Azhong guo zhu fang zhi du gai ge@e新机制与新模式@f倪鹏飞著 |
| 210 | @a广州@c广东经济出版社@d2019.02 | |
| 215 | @a164页@d24cm | |
| 225 | 2 | @a中国房地产与宏观经济研究丛书@Azhong guo fang di chan yu hong guan jing ji yan jiu cong shu |
| 300 | @a国家出版基金项目 | |
| 314 | @a倪鹏飞, 中国社会科学院城市与竞争力研究中心主任等职。 | |
| 320 | @a有书目 (第160-164页) | |
| 330 | @a本书以时间为维度, 利用制度经济学理论, 分成若干阶段, 回顾中国城乡住房制度演变过程, 描述各阶段的基本特征, 分析各阶段的主要问题, 探究城乡住房制度演化的因素, 借鉴国外住房制度演变的经验, 揭示城乡住房制度演化的逻辑规律, 从而结合对住房制度影响因素的预判, 展望未来中国城乡住房制度目标模式与演进途径。 | |
| 410 | 0 | @12001 @a中国房地产与宏观经济研究丛书 |
| 517 | 1 | @a新机制与新模式@Axin ji zhi yu xin mo shi |
| 606 | 0 | @a住房制度改革@Azhu fang zhi du gai ge@x研究@y中国 |
| 690 | @aF299.2@v5 | |
| 701 | 0 | @a倪鹏飞,@Ani peng fei@f1964-@4著 |
| 801 | 0 | @aCN@b人天书店@c20200509 |
| 901 | @a广东经济出版社 | |
| 905 | @aTSG@b0002285@dF299.2@eN505@f2 | |
| 997 | @a期货 | |
| 中国住房制度改革:新机制与新模式/倪鹏飞著.-广州:广东经济出版社,2019.02 |
| 164页;24cm.-(中国房地产与宏观经济研究丛书) |
| 国家出版基金项目 |
| ISBN 978-7-5454-6842-7:CNY58.80 |
| 本书以时间为维度, 利用制度经济学理论, 分成若干阶段, 回顾中国城乡住房制度演变过程, 描述各阶段的基本特征, 分析各阶段的主要问题, 探究城乡住房制度演化的因素, 借鉴国外住房制度演变的经验, 揭示城乡住房制度演化的逻辑规律, 从而结合对住房制度影响因素的预判, 展望未来中国城乡住房制度目标模式与演进途径。 |
| ● |
| 相关链接 |
|
|
|
正题名:中国住房制度改革
索取号:F299.2/N505
 
预约/预借
| 序号 | 登录号 | 条形码 | 馆藏地/架位号 | 状态 | 备注 |
| 1 | 1538248 | 215382486 | 社科库409/409社科库 114排2列2层/ [索取号:F299.2/N505] | 在馆 | |
| 2 | 1538249 | 215382495 | 社科库409/409社科库 114排2列2层/ [索取号:F299.2/N505] | 在馆 |